Les attentes des publics de l’État social. Une approche dynamique du non-recours (notice n° 1906698)
[ vue normale ]
| 000 -LEADER | |
|---|---|
| fixed length control field | 00640cam a2200181 4500500 |
| 005 - DATE AND TIME OF LATEST TRANSACTION | |
| control field | 20260329020617.0 |
| 041 ## - LANGUAGE CODE | |
| Language code of text/sound track or separate title | fre |
| 042 ## - AUTHENTICATION CODE | |
| Authentication code | dc |
| 100 10 - MAIN ENTRY--PERSONAL NAME | |
| Personal name | Rosenstein, Emilie |
| Relator term | author |
| 245 00 - TITLE STATEMENT | |
| Title | Les attentes des publics de l’État social. Une approche dynamique du non-recours |
| 260 ## - PUBLICATION, DISTRIBUTION, ETC. | |
| Date of publication, distribution, etc. | 2025.<br/> |
| 500 ## - GENERAL NOTE | |
| General note | 10 |
| 700 10 - ADDED ENTRY--PERSONAL NAME | |
| Personal name | Lovey, Max |
| Relator term | author |
| 700 10 - ADDED ENTRY--PERSONAL NAME | |
| Personal name | Bonvin, Jean-Michel |
| Relator term | author |
| 700 10 - ADDED ENTRY--PERSONAL NAME | |
| Personal name | Debonneville, Julien |
| Relator term | author |
| 786 0# - DATA SOURCE ENTRY | |
| Note | Sociologies pratiques | 51 | 2 | 2025-12-09 | p. 147-159 | 1235-9278 |
| 856 41 - ELECTRONIC LOCATION AND ACCESS | |
| Uniform Resource Identifier | <a href="https://shs.cairn.info/revue-sociologies-pratiques-2025-2-page-147?lang=fr&redirect-ssocas=7080">https://shs.cairn.info/revue-sociologies-pratiques-2025-2-page-147?lang=fr&redirect-ssocas=7080</a> |
Pas d'exemplaire disponible.




Réseaux sociaux